[Event "Open Tabor 2019"]
[Site "?"]
[Date "2019.07.29"]
[Round "2.18"]
[White "Chval, Zdenek"]
[Black "Prachar, Josef"]
[Result "1-0"]
[WhiteElo "2145"]
[BlackElo "1789"]
[PlyCount "59"]
[SourceDate "2019.07.29"]

1. e4 c5 2. Nf3 Nc6 3. d4 cxd4 4. Nxd4 Nf6 5. Nc3 e5 6. Ndb5 d6 7. Bg5 a6 8.
Na3 b5 9. Nd5 Be7 10. Bxf6 Bxf6 11. c3 O-O 12. Nc2 Bg5 13. h4 Bh6 14. a4 bxa4
15. Rxa4 a5 16. b4 Bd7 17. b5 Ne7 18. Bc4 Kh8 19. Qe2 Be6 20. Nxe7 Qxe7 21.
Bxe6 fxe6 22. c4 Qc7 23. O-O d5 24. exd5 exd5 25. cxd5 Rf6 26. Ne3 Bf4 27. Rd1
Qc5 28. Rc4 Qe7 29. Ng4 Rg6 30. Rxf4 1-0

[Event "Open Tabor 2019"]
[Site "?"]
[Date "2019.07.29"]
[Round "2.19"]
[White "Havluj, Zdenek"]
[Black "Straka, Zdenek"]
[Result "0-1"]
[WhiteElo "1890"]
[BlackElo "1730"]
[PlyCount "114"]
[SourceDate "2019.07.29"]

1. e4 e6 2. d4 d5 3. e5 c5 4. c3 Nc6 5. Nf3 Bd7 6. a3 f6 7. Bd3 fxe5 8. Nxe5
Nxe5 9. dxe5 g6 10. h4 Bg7 11. h5 Bxe5 12. hxg6 Qe7 13. Qh5 hxg6 14. Qxg6+ Qf7
15. Rxh8 Bxh8 16. Qg3 O-O-O 17. Be3 d4 18. cxd4 Bxd4 19. Bxd4 cxd4 20. Nd2 Ne7
21. Nc4 Qg8 22. Qxg8 Nxg8 23. Ne5 Ne7 24. Ke2 Rg8 25. g3 Nc6 26. Nxd7 Kxd7 27.
Rh1 Rg7 28. Rh8 Kd6 29. Rh6 Ke7 30. Bc4 e5 31. Bb5 Nd8 32. Rh8 Nc6 33. Ra8 Kd6
34. Rf8 Re7 35. Rf6+ Kc5 36. Ba4 e4 37. b4+ Nxb4 38. axb4+ Kxb4 39. Bd1 Kc3 40.
Rf5 b6 41. g4 e3 42. fxe3 Rxe3+ 43. Kf2 Re6 44. g5 Rg6 45. Bh5 Rg7 46. g6 Rg8
47. Rf7 a5 48. Rc7+ Kb4 49. g7 a4 50. Bg6 a3 51. Bh7 a2 52. Bxg8 a1=Q 53. Bc4
Qh1 54. Kg3 Qh7 55. Kg4 Qg6+ 56. Kf3 Qf5+ 57. Kg2 Qg4+ 0-1

[Event "Open Tabor 2019"]
[Site "?"]
[Date "2019.07.29"]
[Round "2.20"]
[White "Mikulas, Dusan"]
[Black "Lapunik, Pavel"]
[Result "1-0"]
[WhiteElo "1990"]
[BlackElo "1725"]
[PlyCount "48"]
[SourceDate "2019.07.29"]

1. e4 e6 2. d4 d5 3. e5 c5 4. c3 Nc6 5. Nf3 Qb6 6. a3 Nh6 7. b4 cxd4 8. cxd4
Nf5 9. Be3 Nxe3 10. fxe3 Bd7 11. Bd3 Be7 12. O-O Rc8 13. Ra2 O-O 14. g4 f6 15.
exf6 Bxf6 16. Raf2 Qd8 17. Bc2 Be8 18. Ng5 Qd6 19. Nxh7 Rf7 20. g5 Be7 21. Rxf7
Bxf7 22. g6 Be8 23. Qh5 e5 24. Rf8+ Bxf8 1-0

[Event "Open Tabor 2019"]
[Site "?"]
[Date "2019.07.29"]
[Round "2.21"]
[White "Chmelik, Benedikt"]
[Black "Toman, Antonin"]
[Result "0-1"]
[WhiteElo "1558"]
[BlackElo "1820"]
[PlyCount "58"]
[SourceDate "2019.07.29"]

1. e4 c5 2. Nf3 a6 3. c3 d6 4. d4 Nd7 5. Bd3 b5 6. O-O Bb7 7. Re1 c4 8. Bc2 e5
9. Bg5 Be7 10. Bxe7 Nxe7 11. Nbd2 O-O 12. Nf1 Qc7 13. Ng3 Nf6 14. Qd2 h6 15.
Rad1 Rad8 16. Nh4 Bc8 17. f4 exf4 18. Qxf4 Ng6 19. Nxg6 fxg6 20. e5 dxe5 21.
Qxe5 Qf7 22. Qe7 Qxe7 23. Rxe7 Nd5 24. Re5 Nf4 25. Rf1 g5 26. Nf5 Bxf5 27. Rxf5
Rxf5 28. Bxf5 Rf8 29. Bc2 Ne2+ 0-1

[Event "Open Tabor 2019"]
[Site "?"]
[Date "2019.07.29"]
[Round "2.23"]
[White "Slajs, Vlastimil"]
[Black "Novak, Rudolf"]
[Result "1-0"]
[WhiteElo "1769"]
[BlackElo "1499"]
[PlyCount "49"]
[SourceDate "2019.07.29"]

1. d4 Nf6 2. c4 d5 3. Nc3 g6 4. cxd5 Nxd5 5. e4 Nxc3 6. bxc3 Bg7 7. Bc4 O-O 8.
Ne2 a6 9. a4 c6 10. O-O b5 11. axb5 cxb5 12. Bxb5 Bb7 13. Bd3 Nd7 14. Bf4 Nf6
15. f3 Nh5 16. Be3 f5 17. Qb3+ Kh8 18. Qxb7 f4 19. Bf2 g5 20. Rxa6 Rxa6 21.
Qxa6 Nf6 22. Qe6 h5 23. e5 Nd5 24. Qg6 Qe8 25. Qh7# 1-0

[Event "Open Tabor 2019"]
[Site "?"]
[Date "2019.07.29"]
[Round "2.24"]
[White "Glacner, Karel"]
[Black "Sedivy, Karel"]
[Result "0-1"]
[WhiteElo "1474"]
[BlackElo "1757"]
[PlyCount "58"]
[SourceDate "2019.07.29"]

1. e4 c5 2. Nf3 Nc6 3. d4 cxd4 4. Nxd4 Nf6 5. Nc3 e5 6. Nf3 Bb4 7. Bd3 d5 8.
O-O Bxc3 9. exd5 e4 10. dxc6 exd3 11. bxc3 O-O 12. Qxd3 bxc6 13. Qxd8 Rxd8 14.
Bg5 Ba6 15. Bxf6 gxf6 16. Rfe1 Kf8 17. Re4 Rd5 18. Rae1 Rad8 19. h3 Bc8 20. Nd4
Bd7 21. c4 Ra5 22. Ra1 Re5 23. Rf4 Kg7 24. Rb1 c5 25. Nb5 Rb8 26. Nc3 Rxb1+ 27.
Kh2 Rc1 28. Nd5 Rxc2 29. Rxf6 Rxd5 0-1

[Event "Open Tabor 2019"]
[Site "?"]
[Date "2019.07.29"]
[Round "2.25"]
[White "Alexa, Jaroslav"]
[Black "Vojta, Ladislav"]
[Result "1-0"]
[WhiteElo "1734"]
[BlackElo "1471"]
[PlyCount "81"]
[SourceDate "2019.07.29"]

1. d4 b5 2. Bf4 Bb7 3. e3 Nf6 4. Nf3 b4 5. c4 e6 6. Nbd2 c5 7. Bd3 d5 8. Bxb8
Rxb8 9. cxd5 exd5 10. Bb5+ Nd7 11. Ne5 Bc8 12. Qa4 Rb7 13. Bc6 Rc7 14. Bxd5 Ke7
15. Nxf7 Nb6 16. Nxd8 Nxa4 17. Nf7 Rg8 18. Ne5 Be6 19. Bxe6 Kxe6 20. b3 cxd4
21. bxa4 Kxe5 22. Nf3+ Kd5 23. Nxd4 a5 24. Kd2 Bc5 25. Rac1 Rgc8 26. Nb3 Bb6
27. Rxc7 Rxc7 28. Rc1 Ke4 29. Rxc7 Bxc7 30. f3+ Ke5 31. Kd3 Kd5 32. e4+ Kc6 33.
g3 g5 34. Kc4 h5 35. Nd4+ Kb6 36. Ne6 h4 37. Nxc7 Kxc7 38. gxh4 gxh4 39. Kb5
Kd6 40. f4 h3 41. Kxa5 1-0

[Event "Open Tabor 2019"]
[Site "?"]
[Date "2019.07.29"]
[Round "2.26"]
[White "Habada, Jindrich"]
[Black "Malimanek, Marek"]
[Result "1-0"]
[WhiteElo "1727"]
[BlackElo "1408"]
[PlyCount "65"]
[SourceDate "2019.07.29"]

1. e4 c6 2. d4 d5 3. exd5 cxd5 4. Bd3 Nc6 5. c3 Nf6 6. h3 e6 7. Nf3 Bd6 8. O-O
O-O 9. Re1 Bd7 10. Nbd2 Qc7 11. Nf1 Rac8 12. Bg5 Ne8 13. Bh4 Be7 14. Bg3 Bd6
15. Rc1 Bxg3 16. Nxg3 Nf6 17. Ne5 Na5 18. b3 Qd6 19. Re3 Rc7 20. Nh5 Qe7 21.
Rg3 Ne8 22. Qe2 f6 23. Nxd7 Qxd7 24. Re1 Rxc3 25. Bxh7+ Kxh7 26. Rxc3 Nc7 27.
Nf4 Nc6 28. Qd3+ Kg8 29. h4 e5 30. dxe5 fxe5 31. Ng6 Rf5 32. Rxc6 bxc6 33. Qxf5
1-0

[Event "Open Tabor 2019"]
[Site "?"]
[Date "2019.07.29"]
[Round "2.27"]
[White "Vanek, Frantisek"]
[Black "Rolinkova, Lucie"]
[Result "0-1"]
[WhiteElo "1413"]
[BlackElo "1703"]
[PlyCount "56"]
[SourceDate "2019.07.29"]

1. Nf3 d5 2. e3 Nc6 3. b3 Bg4 4. Bb2 Nf6 5. c4 d4 6. Bd3 Nb4 7. Ke2 e5 8. e4
Nxd3 9. Kxd3 Nxe4 10. Qe1 Nc5+ 11. Ke2 e4 12. Kf1 Qe7 13. Nxd4 Nd3 14. Ba3 Nxe1
15. Bxe7 Bxe7 16. Kxe1 Bf6 17. Nb5 Bxa1 18. Nxc7+ Ke7 19. Nxa8 Rxa8 20. h3 Be6
21. Nc3 Bxc3 22. dxc3 Rd8 23. Ke2 Rd3 24. Rc1 h6 25. c5 a5 26. c4 a4 27. b4 Ra3
28. g4 Rxh3 0-1

[Event "Open Tabor 2019"]
[Site "?"]
[Date "2019.07.29"]
[Round "2.28"]
[White "Chval, Zdenek"]
[Black "Rolinkova, Adela"]
[Result "1-0"]
[WhiteElo "1700"]
[BlackElo "1211"]
[PlyCount "103"]
[SourceDate "2019.07.29"]

1. e4 d6 2. d4 Nf6 3. Nc3 g6 4. Nf3 Bg7 5. Be3 O-O 6. Be2 Bg4 7. h3 Bxf3 8.
Bxf3 c6 9. Qd2 Nbd7 10. Bh6 Qc7 11. Bxg7 Kxg7 12. O-O-O b5 13. g4 Nb6 14. g5
Nfd7 15. Qf4 b4 16. Ne2 a5 17. Qh4 a4 18. Qh6+ Kg8 19. h4 Rfb8 20. h5 Nf8 21.
hxg6 fxg6 22. Nf4 e5 23. dxe5 dxe5 24. Nd3 b3 25. a3 bxc2 26. Kxc2 c5 27. Bg4
c4 28. Nb4 Rd8 29. Qh3 Rxd1 30. Rxd1 Rd8 31. Rxd8 Qxd8 32. Be6+ Kh8 33. Nd5
Nxd5 34. Bxd5 Qxg5 35. Qf3 Qf4 36. Qxf4 exf4 37. Bxc4 Nd7 38. Bb5 Nb6 39. Kd3
h5 40. e5 Kg7 41. Ke4 Kf7 42. Kxf4 Ke6 43. Be8 h4 44. Bxg6 h3 45. Bf5+ Ke7 46.
Bxh3 Nc4 47. Bf1 Nxb2 48. Be2 Ke6 49. Ke4 Ke7 50. f4 Ke6 51. Kd4 Ke7 52. Kc3
1-0

[Event "Open Tabor 2019"]
[Site "?"]
[Date "2019.07.29"]
[Round "2.29"]
[White "Steinbauer, Sebastian"]
[Black "Vavrousek, Petr"]
[Result "0-1"]
[WhiteElo "1294"]
[BlackElo "1686"]
[PlyCount "48"]
[SourceDate "2019.07.29"]

1. e4 e6 2. d4 d5 3. Nd2 Nf6 4. e5 Nfd7 5. Bd3 c5 6. c3 Nc6 7. Ne2 Qb6 8. Nf3
cxd4 9. cxd4 Bb4+ 10. Bd2 O-O 11. O-O Be7 12. Qc2 f5 13. Bc3 Qd8 14. Rad1 Nb6
15. a3 Bd7 16. Nd2 Rc8 17. f4 Na5 18. Nf3 Nac4 19. Bxc4 Rxc4 20. Rd3 Bb5 21.
Re3 Rc6 22. Rc1 Nc4 23. Rd3 Qc8 24. Rdd1 Ne3 0-1

[Event "Open Tabor 2019"]
[Site "?"]
[Date "2019.07.29"]
[Round "2.30"]
[White "Prochazka, Pavel"]
[Black "Slaby, Martin"]
[Result "1-0"]
[WhiteElo "1681"]
[BlackElo "1164"]
[PlyCount "75"]
[SourceDate "2019.07.29"]

1. e4 c5 2. d4 cxd4 3. Nf3 b6 4. Nxd4 Bb7 5. Nc3 e6 6. Bf4 a6 7. Bc4 d6 8. Bg3
Nd7 9. O-O Ngf6 10. f3 Be7 11. Qd2 O-O 12. Rfd1 Qc7 13. Bb3 Rac8 14. Rac1 Rfe8
15. Kh1 Nh5 16. Bf2 d5 17. exd5 exd5 18. Bxd5 Bxd5 19. Nxd5 Qd8 20. Nxe7+ Qxe7
21. Nf5 Qe2 22. Nd6 Qxd2 23. Rxd2 Ne5 24. Nxe8 Rxe8 25. Re1 Kf8 26. Rde2 f6 27.
g3 Rb8 28. Kg2 g5 29. Bd4 Nd7 30. Re7 Rd8 31. Rxh7 Ne5 32. Bxe5 Rd2+ 33. Kh3
fxe5 34. Rxh5 Rxc2 35. Rb1 g4+ 36. Kxg4 Rc5 37. f4 Rc4 38. Kf5 1-0

[Event "Open Tabor 2019"]
[Site "?"]
[Date "2019.07.29"]
[Round "2.31"]
[White "Postl, Frantisek"]
[Black "Cipera, Josef"]
[Result "0-1"]
[WhiteElo "1203"]
[BlackElo "1649"]
[PlyCount "54"]
[SourceDate "2019.07.29"]

1. e4 c5 2. Nf3 a6 3. d4 cxd4 4. Nxd4 Qc7 5. Nc3 Nf6 6. h3 e6 7. Bg5 Be7 8.
Bxf6 Bxf6 9. g3 Nc6 10. Nde2 O-O 11. Bg2 b5 12. f4 d6 13. Qd2 Bb7 14. O-O-O
Rfd8 15. Rhe1 Rac8 16. Ng1 Qa5 17. Re3 b4 18. Nb1 Qxa2 19. e5 dxe5 20. Rd3 Rxd3
21. Qxd3 Rd8 22. Qe2 Rxd1+ 23. Qxd1 exf4 24. Bxc6 Qxb2+ 25. Kd2 Bxc6 26. gxf4
Qd4+ 27. Kc1 Qxf4+ 0-1

[Event "Open Tabor 2019"]
[Site "?"]
[Date "2019.07.29"]
[Round "2.32"]
[White "Herynek, Petr"]
[Black "Benes, Jiri"]
[Result "1-0"]
[WhiteElo "1612"]
[BlackElo "1000"]
[PlyCount "53"]
[SourceDate "2019.07.29"]

1. e4 d6 2. d4 Nf6 3. Nc3 g6 4. Bc4 Bg7 5. h3 b6 6. Be3 Bb7 7. f3 e6 8. Bb3
Nbd7 9. Qd2 O-O 10. Bh6 a5 11. Bxg7 Kxg7 12. Nge2 Ba6 13. g4 c6 14. h4 Bxe2 15.
Nxe2 a4 16. Bc4 b5 17. Bd3 Qc7 18. h5 Rae8 19. hxg6 fxg6 20. Qh6+ Kg8 21. e5
dxe5 22. Bxg6 Re7 23. Bd3 Nb6 24. O-O-O Rg7 25. g5 e4 26. gxf6 Rg6 27. Rdg1 1-0

[Event "Open Tabor 2019"]
[Site "?"]
[Date "2019.07.29"]
[Round "2.33"]
[White "Tejnor, Martin"]
[Black "Svec, Vítezslav"]
[Result "0-1"]
[WhiteElo "1353"]
[BlackElo "1609"]
[PlyCount "66"]
[SourceDate "2019.07.29"]

1. e4 e6 2. d4 d5 3. exd5 exd5 4. Bd3 Bd6 5. Nc3 c6 6. Nf3 Nf6 7. O-O O-O 8.
Ne2 Qc7 9. Ng3 Bg4 10. Re1 Nbd7 11. Bd2 Rfe8 12. h3 Rxe1+ 13. Qxe1 Bxf3 14.
gxf3 Re8 15. Be3 Nf8 16. Nf5 Bf4 17. Kg2 g6 18. Qd2 Bxe3 19. Nxe3 Ne6 20. Ng4
Nh5 21. Qh6 Qf4 22. Re1 Qxh6 23. Nxh6+ Kg7 24. Ng4 Nef4+ 25. Kf1 Rxe1+ 26. Kxe1
Nxd3+ 27. cxd3 Nf4 28. Ne3 Nxd3+ 29. Kd2 Nxb2 30. Nc2 Nc4+ 31. Kc3 Kf6 32. a4
Kf5 33. Kd3 Nb2+ 0-1

[Event "Open Tabor 2019"]
[Site "?"]
[Date "2019.07.29"]
[Round "2.35"]
[White "Policar, Martin"]
[Black "Privoznik, Lubos"]
[Result "0-1"]
[WhiteElo "1045"]
[BlackElo "1566"]
[PlyCount "48"]
[SourceDate "2019.07.29"]

1. e4 e6 2. d4 d5 3. Nc3 Nf6 4. Bg5 Be7 5. Bd3 h6 6. Bxf6 Bxf6 7. e5 Be7 8. Nf3
c5 9. b3 cxd4 10. Nxd4 Qc7 11. Qd2 Qxe5+ 12. Nce2 Nc6 13. Bb5 O-O 14. O-O Bd7
15. Qd3 Rac8 16. c4 dxc4 17. bxc4 Rfd8 18. Ba4 Nxd4 19. Bxd7 Nxe2+ 20. Kh1 Nf4
21. Qd1 Rc7 22. Re1 Qg5 23. g3 Ng6 24. h4 Nxh4 0-1

[Event "Open Tabor 2019"]
[Site "?"]
[Date "2019.07.29"]
[Round "3.24"]
[White "Toman, Antonin"]
[Black "Kotal, Vit"]
[Result "1-0"]
[WhiteElo "1820"]
[BlackElo "1556"]
[PlyCount "93"]
[SourceDate "2019.07.29"]

1. e4 c5 2. b3 Nf6 3. Nc3 Nc6 4. Bb2 g6 5. f4 Bg7 6. Nf3 d6 7. d3 a6 8. a4 O-O
9. Be2 e6 10. Qd2 Bd7 11. O-O d5 12. e5 Ne8 13. Ba3 b6 14. d4 Qe7 15. Rae1 Nc7
16. dxc5 bxc5 17. Na2 a5 18. Nc1 Rfb8 19. c3 Bf8 20. h3 Bc8 21. Nh2 Qd7 22. Ng4
Ne8 23. Bb5 Ba6 24. Bxa6 Rxa6 25. Qf2 d4 26. Rd1 Qa7 27. c4 Nb4 28. Nd3 Rab6
29. Bxb4 axb4 30. Qg3 Qb7 31. Ndf2 h5 32. Nh2 Ng7 33. Qd3 Nf5 34. Ne4 Be7 35.
Rf3 Kg7 36. g4 Ne3 37. Rd2 h4 38. Nf1 Nxf1 39. Kxf1 Qd7 40. Rg2 Rf8 41. f5 f6
42. exf6+ Rxf6 43. Nxf6 Bxf6 44. g5 Bd8 45. f6+ Kf7 46. Qe4 Qc6 47. Rg4 1-0

[Event "Open Tabor 2019"]
[Site "?"]
[Date "2019.07.29"]
[Round "3.26"]
[White "Kubes, Patrik"]
[Black "Slajs, vlastimil"]
[Result "0-1"]
[WhiteElo "1000"]
[BlackElo "1769"]
[PlyCount "73"]
[SourceDate "2019.07.29"]

1. e4 d6 2. d4 Nf6 3. Nc3 g6 4. f4 Bg7 5. Nf3 O-O 6. Be3 Ng4 7. Qd2 Nxe3 8.
Qxe3 c6 9. Bc4 b5 10. Bb3 a5 11. a3 Bb7 12. O-O-O b4 13. Ne2 bxa3 14. bxa3 Qb6
15. a4 Nd7 16. Rd3 c5 17. Ba2 cxd4 18. Nexd4 Nc5 19. Rhd1 Nxd3+ 20. Rxd3 Rab8
21. Rb3 Qc5 22. Rb5 Qa7 23. g4 Bc6 24. Bxf7+ Kh8 25. Rxa5 Qb6 26. Bb3 Bd7 27.
Rg5 Bh6 28. e5 Bxg5 29. Nxg5 Bxg4 30. exd6 Qxd6 31. Qc3 Qxf4+ 32. Kb2 Qf6 33.
h3 Bd7 34. Nf7+ Rxf7 35. Ka3 Rff8 36. Be6 Bxe6 37. h4 0-1

[Event "Open Tabor 2019"]
[Site "?"]
[Date "2019.07.29"]
[Round "3.27"]
[White "Prachar, Josef"]
[Black "Havluj, Zdenek"]
[Result "1-0"]
[WhiteElo "1789"]
[BlackElo "1890"]
[PlyCount "47"]
[SourceDate "2019.07.29"]

1. d4 Nf6 2. c4 g6 3. Nc3 Bg7 4. e4 d6 5. f4 O-O 6. Nf3 c5 7. d5 e6 8. Be2 exd5
9. cxd5 b5 10. e5 dxe5 11. fxe5 Ng4 12. Bg5 Qb6 13. O-O Nxe5 14. Nxe5 Bxe5 15.
Be7 Re8 16. d6 Nd7 17. Qd5 Bb7 18. Qxf7+ Kh8 19. Nd5 Bxd5 20. Qxd5 c4+ 21. Kh1
Qd4 22. Qxd4 Bxd4 23. Bf3 Rac8 24. Bg4 1-0

[Event "Open Tabor 2019"]
[Site "?"]
[Date "2019.07.29"]
[Round "3.28"]
[White "Lapunik, Pavel"]
[Black "Chmelik, Benedikt"]
[Result "1/2-1/2"]
[WhiteElo "1725"]
[BlackElo "1558"]
[PlyCount "65"]
[SourceDate "2019.07.29"]

1. d4 Nf6 2. Bg5 e6 3. Nf3 d5 4. e3 h6 5. Bxf6 Qxf6 6. c4 Bd6 7. c5 Be7 8. Bd3
b6 9. cxb6 axb6 10. Nc3 O-O 11. O-O Ba6 12. Rc1 Bxd3 13. Qxd3 Ra5 14. a3 Qg6
15. Qd2 Nd7 16. b4 Rxa3 17. Nb5 Rd3 18. Qb2 c5 19. dxc5 bxc5 20. bxc5 Bxc5 21.
Rxc5 Nxc5 22. Ne5 Qf5 23. Nxd3 Nxd3 24. Qa3 Ne5 25. Nd4 Nc4 26. Qxf8+ Kxf8 27.
Nxf5 exf5 28. Rd1 Nb6 29. f3 Ke7 30. Kf2 Kf6 31. Ra1 Nd7 32. Ra6+ Ke7 33. Rc6
1/2-1/2

[Event "Open Tabor 2019"]
[Site "?"]
[Date "2019.07.29"]
[Round "3.29"]
[White "Kaucky, Jaroslav"]
[Black "Postl, Frantisek"]
[Result "1-0"]
[WhiteElo "1534"]
[BlackElo "1203"]
[PlyCount "79"]
[SourceDate "2019.07.29"]

1. f4 d5 2. d4 Nf6 3. Nf3 Nc6 4. c3 Bg4 5. e3 e6 6. Nbd2 Ne4 7. h3 Bxf3 8. Nxf3
Be7 9. Bb5 Bh4+ 10. Ke2 Ng3+ 11. Kd2 Nxh1 12. Qxh1 a6 13. Bd3 O-O 14. Kc2 b5
15. Bd2 Be7 16. g4 b4 17. h4 Qd7 18. Ng5 h6 19. Qh3 bxc3 20. bxc3 Nb4+ 21. cxb4
Qa4+ 22. Kc1 a5 23. Bc2 Qb5 24. Nf3 Bxb4 25. Bxb4 Qxb4 26. Rb1 Qa3+ 27. Kd1
Qxe3 28. g5 Qxf4 29. gxh6 Qxh6 30. Ng5 f6 31. Qxe6+ Kh8 32. Nf7+ Rxf7 33. Qxf7
Qxh4 34. Qxd5 Re8 35. Kc1 Qe1+ 36. Kb2 Rb8+ 37. Bb3 Qd2+ 38. Ka3 Qb4+ 39. Kb2
a4 40. Qh5# 1-0

[Event "Open Tabor 2019"]
[Site "?"]
[Date "2019.07.29"]
[Round "3.30"]
[White "Rolinkova, Adela"]
[Black "Glacner, karel"]
[Result "0-1"]
[WhiteElo "1211"]
[BlackElo "1474"]
[PlyCount "53"]
[SourceDate "2019.07.29"]

1. d4 e5 2. dxe5 Nc6 3. Nf3 Qe7 4. Bf4 Qb4+ 5. Nbd2 Qxf4 6. e3 Qb4 7. b3 Qc3 8.
Bc4 Nxe5 9. Nxe5 Qxe5 10. O-O Bb4 11. Nf3 Qf6 12. Qd5 Ne7 13. Qe4 Bc3 14. Rad1
c6 15. Be2 O-O 16. Rd3 d5 17. Qf4 Ng6 18. Qxf6 Bxf6 19. Rd2 a6 20. c4 dxc4 21.
Bxc4 Ne5 22. Nxe5 Bxe5 23. Rfd1 Bf5 24. f4 Bc3 25. Rd6 Bb4 26. R6d4 Bc5 27. h3
0-1

[Event "Open Tabor 2019"]
[Site "?"]
[Date "2019.07.29"]
[Round "3.31"]
[White "Vojta, Ladislav"]
[Black "Tejnor, Martin"]
[Result "1-0"]
[WhiteElo "1471"]
[BlackElo "1353"]
[PlyCount "33"]
[SourceDate "2019.07.29"]

1. b4 e5 2. Bb2 d6 3. e4 Be7 4. Nf3 Be6 5. c4 f5 6. Nc3 Nf6 7. b5 Nxe4 8. Be2
Nd7 9. O-O O-O 10. d4 Qe8 11. dxe5 dxe5 12. Nd5 Bxd5 13. Qxd5+ Rf7 14. Nxe5
Nxe5 15. Qxe5 Qf8 16. Bh5 g6 17. Qh8# 1-0

[Event "Open Tabor 2019"]
[Site "?"]
[Date "2019.07.29"]
[Round "3.32"]
[White "Slaby, Martin"]
[Black "Vanek, Frantisek"]
[Result "1/2-1/2"]
[WhiteElo "1164"]
[BlackElo "1413"]
[PlyCount "53"]
[SourceDate "2019.07.29"]

1. c4 Nf6 2. b3 e6 3. Bb2 d5 4. cxd5 exd5 5. h3 Be7 6. e3 O-O 7. a3 Be6 8. d3
c5 9. Nd2 Nc6 10. d4 cxd4 11. exd4 Qb6 12. Ngf3 Nd7 13. Bd3 Bf6 14. Qc2 g6 15.
O-O Nxd4 16. Nxd4 Bxd4 17. Bxd4 Qxd4 18. Nf3 Qf6 19. Qe2 Rfe8 20. Rae1 a6 21.
Qe3 Kg7 22. g4 Bxg4 23. Qxe8 Bxh3 24. Qe2 Bxf1 25. Kxf1 Qf4 26. Qe3 Qxe3 27.
Rxe3 1/2-1/2

[Event "Open Tabor 2019"]
[Site "?"]
[Date "2019.07.29"]
[Round "3.33"]
[White "Malimanek, Marek"]
[Black "Policar, Martin"]
[Result "1-0"]
[WhiteElo "1408"]
[BlackElo "1045"]
[PlyCount "73"]
[SourceDate "2019.07.29"]

1. e4 e5 2. Nf3 Nc6 3. Bc4 Bc5 4. c3 Nf6 5. d4 exd4 6. e5 Qe7 7. O-O Nxe5 8.
Nxe5 Qxe5 9. Re1 Ne4 10. cxd4 Bxd4 11. Qf3 d5 12. Bxd5 Qxd5 13. Qxe4+ Qe6 14.
Bd2 Bxb2 15. Qa4+ c6 16. Rxe6+ Bxe6 17. Bc3 Bxa1 18. Bxa1 Rd8 19. Bxg7 Rg8 20.
Bf6 b5 21. Qc2 Rd6 22. Be5 Bf5 23. Qc1 Re6 24. f4 f6 25. Bc3 Kf7 26. Nd2 Rge8
27. Nf3 Bg4 28. Nd4 Re3 29. Nxc6 Rc8 30. Qxe3 Rxc6 31. Qxa7+ Kg6 32. Qe3 Re6
33. Qg3 f5 34. h3 Kh6 35. hxg4 fxg4 36. Qxg4 Re7 37. Qg5# 1-0

[Event "Open Tabor 2019"]
[Site "?"]
[Date "2019.07.29"]
[Round "3.34"]
[White "Benes, Jiri"]
[Black "Steinbauer, Sebastian"]
[Result "0-1"]
[WhiteElo "1000"]
[BlackElo "1294"]
[PlyCount "68"]
[SourceDate "2019.07.29"]

1. d4 d5 2. c4 e6 3. Nf3 Nf6 4. Nc3 Bb4 5. Qc2 c6 6. e3 O-O 7. Bd3 Nbd7 8. O-O
dxc4 9. Bxc4 Nb6 10. Bd3 h6 11. Bd2 Nbd5 12. a3 Bd6 13. Rfd1 Qc7 14. Nxd5 Nxd5
15. b4 a6 16. e4 Nb6 17. e5 Be7 18. Be3 Nd5 19. Bd2 f6 20. Rac1 f5 21. h3 Qb6
22. Bc4 Rd8 23. Bxd5 cxd5 24. Be3 Bd7 25. Qd2 Bb5 26. Rc3 a5 27. Rdc1 axb4 28.
axb4 Bxb4 29. Bxh6 Bxc3 30. Rxc3 Rd7 31. Be3 Qa6 32. Nh4 Qa2 33. Rc2 Qa5 34.
Qd1 Ba4 0-1

[Event "Open Tabor 2019"]
[Site "?"]
[Date "2019.07.31"]
[Round "5.35"]
[White "Benes, Jiri"]
[Black "Vanek, Frantisek"]
[Result "0-1"]
[WhiteElo "1000"]
[BlackElo "1413"]
[PlyCount "58"]
[SourceDate "2019.07.29"]

1. d4 Nf6 2. c4 e6 3. Nf3 Bb4+ 4. Bd2 c5 5. dxc5 Bxc5 6. Nc3 Qb6 7. e3 Qxb2 8.
Rb1 Qa3 9. Nb5 Qxa2 10. Nc7+ Ke7 11. Nxa8 Qa6 12. Nc7 Qc6 13. Nb5 Rd8 14. Nxa7
Bxa7 15. Bd3 d6 16. Qc2 g6 17. O-O e5 18. e4 Bg4 19. Ne1 Nbd7 20. h3 Be6 21.
Bg5 h6 22. Bxh6 Rh8 23. Bg5 Bxh3 24. gxh3 Rxh3 25. Kg2 Rh5 26. Nf3 Nc5 27. Rbe1
Qd7 28. Bxf6+ Kxf6 29. Rg1 Qh3# 0-1

[Event "Open Tabor 2019"]
[Site "?"]
[Date "2019.08.01"]
[Round "6.20"]
[White "Havluj, Zdenek"]
[Black "Christen, Pierre"]
[Result "1-0"]
[WhiteElo "1890"]
[BlackElo "1862"]
[PlyCount "71"]
[SourceDate "2019.07.29"]

1. e4 c6 2. d4 d5 3. e5 Bf5 4. h4 Qb6 5. c3 h5 6. Ne2 g6 7. Ng3 Bd7 8. Nd2 Nh6
9. Bd3 Na6 10. b4 Nc7 11. Nb3 Nf5 12. a4 a6 13. Qf3 e6 14. Bg5 Be7 15. Bxe7
Kxe7 16. Qf4 Ne8 17. O-O Qc7 18. c4 dxc4 19. Bxc4 Rd8 20. Rfc1 b5 21. axb5 axb5
22. Bxb5 Qb7 23. Qg5+ f6 24. exf6+ Kf7 25. Bc4 Nxf6 26. Nxf5 gxf5 27. Qxf5 Qxb4
28. Qe5 Qb8 29. Qe2 Qf4 30. Re1 Nd5 31. Ra7 Rh6 32. Nc5 Qxd4 33. Rxd7+ Rxd7 34.
Nxd7 Nf4 35. Qe5 Ke8 36. Qe3 1-0

[Event "Open Tabor 2019"]
[Site "?"]
[Date "2019.08.01"]
[Round "6.21"]
[White "Lizner, Milan"]
[Black "Privoznik, Lubos"]
[Result "1-0"]
[WhiteElo "1884"]
[BlackElo "1566"]
[PlyCount "55"]
[SourceDate "2019.07.29"]

1. e4 c6 2. d4 d5 3. e5 Bf5 4. Nc3 e6 5. g4 Bg6 6. Nge2 c5 7. h4 h5 8. Nf4 Bh7
9. dxc5 Bxc5 10. Nxh5 Kf8 11. Bg5 Qc7 12. Qe2 Nd7 13. O-O-O Qxe5 14. Qb5 Qc7
15. Bf4 Qc8 16. Bg2 Bxf2 17. Bd6+ Ne7 18. Bxe7+ Kxe7 19. Qe2 Qc5 20. Nxd5+ Kf8
21. b4 Qxc2+ 22. Qxc2 Bxc2 23. Kxc2 exd5 24. Bxd5 Rc8+ 25. Kb3 Rc7 26. Rhf1
Bxh4 27. Rxf7+ Ke8 28. Nxg7+ 1-0

[Event "Open Tabor 2019"]
[Site "?"]
[Date "2019.08.01"]
[Round "6.22"]
[White "Alexa, Jaroslav"]
[Black "Vavrousek, Petr"]
[Result "1-0"]
[WhiteElo "1734"]
[BlackElo "1686"]
[PlyCount "73"]
[SourceDate "2019.07.29"]

1. d4 d5 2. c4 c6 3. Nf3 Nf6 4. Nc3 e6 5. g3 Be7 6. Bg2 dxc4 7. O-O O-O 8. a4
Nbd7 9. Nd2 Nd5 10. Nxc4 Nxc3 11. bxc3 Nf6 12. Qb3 Nd5 13. Rd1 Bd7 14. a5 f5
15. Ne5 Be8 16. c4 Nf6 17. Bg5 Qc7 18. Bf4 Qc8 19. Rab1 Ne4 20. Bxe4 fxe4 21.
Qxb7 Bd8 22. Qxc8 Rxc8 23. Rb7 g5 24. Bd2 c5 25. e3 Bc7 26. Rxa7 cxd4 27. exd4
Bxe5 28. dxe5 Rf5 29. Rb1 Bc6 30. Bc3 Rf3 31. Bd4 Rd3 32. Be3 h6 33. Re7 Re8
34. Rxe8+ Bxe8 35. a6 Rd8 36. a7 Bc6 37. Rb8 1-0

[Event "Open Tabor 2019"]
[Site "?"]
[Date "2019.08.01"]
[Round "6.23"]
[White "Kovar, Petr"]
[Black "Chmelik, Benedikt"]
[Result "1/2-1/2"]
[WhiteElo "1937"]
[BlackElo "1558"]
[PlyCount "73"]
[SourceDate "2019.07.29"]

1. Nf3 e6 2. g3 d5 3. c4 Nf6 4. Bg2 g6 5. b3 Bg7 6. Bb2 O-O 7. O-O Nc6 8. e3 b6
9. Na3 Ba6 10. d4 Ne7 11. Re1 Rc8 12. c5 Ne4 13. b4 bxc5 14. bxc5 Nxc5 15. Bf1
Bxf1 16. Kxf1 Rb8 17. Bc3 Ne4 18. Ba5 Nc6 19. Bd2 Qd6 20. Qa4 Nb4 21. Nb5 Qa6
22. Qxa6 Nxa6 23. Rab1 c5 24. dxc5 Naxc5 25. Red1 a6 26. Nbd4 Rxb1 27. Rxb1 Nd3
28. Be1 Rc8 29. Ke2 Nc1+ 30. Kf1 Nxa2 31. Ra1 Nc1 32. Rxa6 Nd3 33. Nc6 Kf8 34.
Nfd4 Bxd4 35. exd4 Nxe1 36. Kxe1 Rc7 37. Rb6 1/2-1/2

[Event "Open Tabor 2019"]
[Site "?"]
[Date "2019.08.01"]
[Round "6.24"]
[White "Kotal, Vit"]
[Black "Prachar, Josef"]
[Result "0-1"]
[WhiteElo "1556"]
[BlackElo "1789"]
[PlyCount "80"]
[SourceDate "2019.07.29"]

1. e4 c5 2. Nf3 Nc6 3. Bb5 g6 4. d3 Bg7 5. Bxc6 bxc6 6. Nc3 f6 7. Be3 d6 8. h3
Nh6 9. Qd2 Nf7 10. O-O e5 11. Nh2 g5 12. Ne2 Be6 13. Ng3 h5 14. Qe2 h4 15. Nh5
Kf8 16. Kh1 f5 17. exf5 Bxf5 18. Qf3 Qd7 19. c3 Rb8 20. Nxg7 Kxg7 21. Qe2 Qe6
22. b3 Qd5 23. d4 Bxh3 24. f3 Bf5 25. c4 Qe6 26. dxc5 d5 27. Rae1 Rhe8 28. Ng4
d4 29. Bd2 e4 30. Qd1 Rbd8 31. Qa1 Bxg4 32. fxg4 Qxg4 33. Be3 h3 34. Bxd4+ Kg8
35. Rf2 hxg2+ 36. Kg1 Qh4 37. Kxg2 Qg4+ 38. Kh2 Re6 39. Rg2 Qh4+ 40. Kg1 Rxd4
0-1